Регионална библиотека "Любен Каравелов" - Русе

Кукерски игри в Павел баня [Изобразителен материал] (Запис номер 375944)

MARC детайли
000 -Лидер
Контролно поле с фиксирана дължина nkm a22 a 4500
003 - Код на организацията, давaща контролен номер
Контролно поле BLK
005 - Дата и час на последна редакция
Контролно поле 20200720134126.0
008 - Елементи от данни с фиксирана дължина
fixed length control field 180408b bul|||||r ||||||| ||bul||
010 ## - Наследен системен номер
LC control number KNG00043210000
040 ## - Източник на каталожния запис
Идентификатор на билиотеката - собственик на записа BLK
041 ## - Код за език
Код за езика на текст/звукозапис или на отделно заглавие Български
Код за езика КДБФ Български
080 ## - УДК
Текстов определител УДК Карнавали. Маскаради
УДК код - определител по УДК 394.25
УДК - код + определител 394.25(497.23-21)(084.12)
УДК определител (497.23-21)(084.12)
139 ## - Редно поле
Редна дума Кукерски игри в Павел баня
245 10 - Сведения за заглавието
Заглавие Кукерски игри в Павел баня [Изобразителен материал]
Подзаглавни данни комплект снимки
Редно поле (дума) ред. Моньо Петков.
257 ## - Страна на издаване
Страна на създаване/издаване България
260 ## - Област на издателските данни
Име на издателя, разпространителя и проч. Септември
Година на издаване 1978
Място на издаване, разпространение и проч. София
300 ## - Физическа характеристика
Страници 1 папка (8 с. текст, 15 отд. цв. снимки)
Размери/Мащаб 15 х 17 см
380 ## - Жанр
Жанр Обществени науки
500 ## - Общи забележки
Забележка Парал. текст на рус. и нем. ез. - 3000 тир.
650 #7 - Допълнително описание по предмет – тема
Основно описание – тема или топоним Кукери
9 (RLIN) 159793
651 #7 - Допълнително описание по предмет - топоним
9 (RLIN) 179323
Географско понятие Павел баня
653 #7 - Ключова дума – ненормативна
Ключова дума снимки
9 (RLIN) 196886
700 ## - Други автори (авторска отговорност)
9 (RLIN) 351271
Лично име Петков, Моньо
Автороска отговорност (Описва отношението между автора и произведението) ред.
852 ## - Местоположение
Форматна сигнатура Цб І 38608
Фондова буква Хранилище
856 4# - Електронен адрес и достъп
Електронен формат pdf - файл
999 ## - СИСТЕМНИ КОНТРОЛНИ НОМЕРА
Koha biblionumber 375944
Koha biblioitemnumber 375944
942 ## - АРТИКУЛИ
Вид на библиотечния материал Графични издания
Скрит в OPAC Не
Периодичен библиозапис Да
944 ## - СЪЗДАВАНЕ И РЕДАКЦИЯ на ЗАПИСА
Създаване/Редакция Създаване
Дата на регистрацията/редакция 2020-07-20
Служител, извършил регистрацията/редакцията Ренета Константинова
999 ## - СИСТЕМНИ КОНТРОЛНИ НОМЕРА
Koha biblioitemnumber 375944
999 ## - СИСТЕМНИ КОНТРОЛНИ НОМЕРА
Koha biblioitemnumber 375942
Наличности
Код за отписване Код за изгубен артикул Източник на класификационната схема Код за повреда Коз за рестрикции Код за отдаване Артикулен № Име на библиотеката - собственик Име на библиотеката, в която се намира в момента Статус (Текущо местоположение) Дата на вписване в системата Местоположение - отдел Цена в лева Инвентарен номер Систематично азбучна сигнатура Баркод Цена в евро Служебен тип на артикула
  Не е изгубен Universal Decimal Classification Не е повреден без рестрикции ползва се в читалня 785008 Регионална библиотека "Любен Каравелов" Русе Регионална библиотека "Любен Каравелов" Русе Хранилище 2020-07-21 Хранилище 2.70 257924 Цб І 38608 120000257924 1.38 Графични издания
Vip Innovations Ltd, Rousse, Bulgaria 2025